[Event "V Copa Marcel Duchamp 2022"]
[Site "Montevideo"]
[Date "2022.02.15"]
[Round "5.36"]
[White "Montiel Caceres, Helen"]
[Black "Pinero, Ismael"]
[Result "1-0"]
[WhiteElo "1625"]
[BlackElo "1906"]
[Annotator "ChessBase"]
[PlyCount "109"]
[EventDate "2022.02.12"]
[EventCountry "URU"]
[SourceTitle "playchess.com"]
[Source "ChessBase"]
[SourceQuality "1"]
[TimeControl "5400+30"]

1. d4 Nf6 {[%emt 0:00:25]} 2. c4 {[%emt 0:00:05]} g6 {[%emt 0:00:13]} 3. Nc3 {[%emt 0:00:03]} Bg7 {[%emt 0:00:07]} 4. e4 {[%emt 0:00:02]} d6 {[%emt 0:00:12]} 5. h3 {[%emt 0:00:01]} O-O {[%emt 0:00:05]} 6. Be3 {[%emt 0:00:01]} e5 {[%emt 0:00:23]} 7. d5 {[%emt 0:00:02]} Nh5 {[%emt 0:00:04]} 8. g3 {[%emt 0:00:04]} Na6 {[%emt 0:01:58]} 9. Be2 {[%emt 0:00:14]} Nf6 {[%emt 0:01:11]} 10. g4 {[%emt 0:01:44]} Bd7 {[%emt 0:01:00]} 11. Qd2 {[%emt 0:00:27]} Nc5 {[%emt 0:03:45]} 12. f3 {[%emt 0:00:04]} a5 {[%emt 0:00:07]} 13. h4 {[%emt 0:00:57]} b6 {[%emt 0:06:02]} 14. h5 {[%emt 0:02:43]} a4 {[%emt 0:03:26]} 15. h6 {[%emt 0:00:16]} Bh8 16. Nh3 {[%emt 0:08:07]} a3 {[%emt 0:07:05]} 17. b3 {[%emt 0:17:36]} Ne8 {[%emt 0:27:29]} 18. Rg1 {[%emt 0:00:30]} f6 {[%emt 0:07:30]} 19. Nf2 {[%emt 0:04:16]} Qe7 {[%emt 0:06:24]} 20. Nd3 {[%emt 0:08:07]} Kf7 21. b4 {[%emt 0:00:06]} Nxd3+ {[%emt 0:02:15]} 22. Bxd3 {[%emt 0:23:29]} Rg8 {[%emt 0:05:12]} 23. Rb1 {[%emt 0:03:58]} f5 24. g5 Qd8 {[%emt 0:05:22]} 25. c5 {[%emt 0:01:34]} bxc5 {[%emt 0:00:38]} 26. bxc5 {[%emt 0:00:05]} dxc5 {[%emt 0:00:08]} 27. Bxc5 {[%emt 0:00:12]} Nd6 {[%emt 0:00:24]} 28. Ke2 {[%emt 0:02:36]} Qc8 {[%emt 0:01:07]} 29. Rgc1 {[%emt 0:02:05]} fxe4 {[%emt 0:04:44]} 30. Nxe4 {[%emt 0:00:25]} Nxe4 {[%emt 0:01:00]} 31. Bxe4 {[%emt 0:00:37]} Bf5 {[%emt 0:00:20]} 32. Qe3 {[%emt 0:06:14]} Qa6+ {[%emt 0:01:02]} 33. Kf2 {[%emt 0:00:26]} Rgd8 {[%emt 0:01:11]} 34. Qb3 {[%emt 0:02:45]} Rdb8 {[%emt 0:00:50]} 35. Bb4 {[%emt 0:00:28]} Qb6+ {[%emt 0:01:31]} 36. Kg2 {[%emt 0:00:37]} Ke8 {[%emt 0:00:36]} 37. Rc6 {[%emt 0:05:18]} Qd4 {[%emt 0:01:14]} 38. Rc4 {[%emt 0:04:08]} Qb6 {[%emt 0:00:31]} 39. Qc2 {[%emt 0:00:22]} Qe3 {[%emt 0:00:45]} 40. Bd2 {[%emt 0:01:02]} Qe2+ {[%emt 0:00:16]} 41. Kg3 {[%emt 0:00:24]} Rxb1 {[%emt 0:00:11]} 42. Qxb1 {[%emt 0:00:07]} Qxc4 {[%emt 0:02:07]} 43. Bxf5 {[%emt 0:00:03]} gxf5 {[%emt 0:03:16]} 44. Qxf5 {[%emt 0:00:07]} Qa6 {[%emt 0:00:04]} 45. Qxh7 {[%emt 0:00:05]} e4 {[%emt 0:02:57]} 46. Qxh8+ {[%emt 0:00:13]} Kd7 {[%emt 0:00:11]} 47. Qg7+ {[%emt 0:00:06]} Kc8 {[%emt 0:00:01]} 48. h7 {[%emt 0:00:30]} Qf1 {[%emt 0:00:41]} 49. h8=Q+ {[%emt 0:00:00]} Kb7 {[%emt 0:00:02]} 50. Qh5 {[%emt 0:00:33]} Qd1 {[%emt 0:01:59]} 51. Qd4 Ra4 {[%emt 0:01:32]} 52. Qe3 {[%emt 0:01:29]} Ra6 {[%emt 0:00:58]} 53. Qb3+ {[%emt 0:00:17]} Qxb3 {[%emt 0:00:04]} 54. axb3 {[%emt 0:00:05]} a2 {[%emt 0:00:07]} 55. Bc3 {[%emt 0:00:03]} 1-0

[Event "V Copa Marcel Duchamp 2022"]
[Site "Montevideo"]
[Date "2022.02.16"]
[Round "6.1"]
[White "Delgado Ramirez, Neuris"]
[Black "Hungaski, Robert"]
[Result "1-0"]
[WhiteElo "2615"]
[BlackElo "2537"]
[Annotator "TA"]
[PlyCount "123"]
[EventDate "2022.02.12"]
[EventCountry "URU"]
[SourceTitle "playchess.com"]
[Source "ChessBase"]
[SourceQuality "1"]

{[%evp 9,123,-17,0,0,6,0,12,0,2,-13,-8,-17,0,0,14,0,0,0,0,0,0,0,17,0,0,0,0,-18,0,-27,7,0,0,-7,0,0,0,0,0,-20,0,-28,-20,-208,-227,-214,-206,-206,0,0,0,0,0,0,0,0,0,0,0,0,0,0,0,-217,0,-489,0,0,0,-445,0,0,0,0,0,0,0,0,0,0,0,0,0,0,0,0,0,0,0,0,0,0,189,209,560,543,535,480,1085,1135,1069,1050,1047,997,2146,3539,2834,7037,6303,6294,29978,29979,29979,29980,29978,29978]} 1. e4 c5 2. Nf3 Nc6 3. Bb5 d6 4. c4 Nf6 5. Nc3 {[#]} Bg4 $146 ({Predecessor:} 5... Bd7 6. d3 g6 7. h3 Bg7 8. Be3 O-O 9. Bxc6 Bxc6 10. Qd2 a6 11. Bh6 b5 12. Bxg7 Kxg7 {0-1 (63) Szabo,M (1895)-Barrientos Chavarriaga,S (2457) Chess.com INT 2020}) 6. h3 {B51: Sicilian: Moscow Variation (3 Bb5+) without 3...Bd7.} Bxf3 7. Qxf3 Nd7 8. Bxc6 {The position is equal.} bxc6 9. h4 h5 10. Qe2 e5 11. d3 Be7 12. g3 Nf8 13. f4 exf4 14. Bxf4 Ne6 15. O-O-O Qd7 16. Rde1 O-O-O 17. Rhf1 Bf6 18. Qd2 Be5 19. Ne2 {[%cal Bc3e2,Be2c1,Bc1b3][%mdl 32]} f6 20. Kb1 Kb7 21. Nc1 Ka8 22. Nb3 Rb8 23. Bxe5 dxe5 24. Rd1 Rb6 25. Rf5 Rhb8 26. Rxh5 $2 (26. Rf2 $1 $11) 26... Qb7 $1 $19 27. Rf5 Nd4 28. Rf2 Rxb3 (28... Nxb3 $19 29. axb3 Rxb3) 29. axb3 $11 Qa6 {Prevents Qa5.} 30. Qe1 Nxb3 31. Kc2 Qa2 32. Rb1 (32. Qc3 $2 Nd4+ 33. Kd2 (33. Kc1 $2 Qa1+ 34. Kd2 Rxb2+ 35. Qxb2 Qxb2+ $19) 33... Rxb2+ 34. Qxb2 Qxb2+ $19) 32... a5 33. Kc3 a4 34. Qd1 (34. Kc2 $2 a3 35. Qc3 Rb4 $19) 34... Rb4 35. h5 Ka7 36. Rc2 $2 (36. h6 $11 gxh6 37. Rxf6) 36... Kb6 $2 (36... Nd4 $1 $19 {[%cal Rd4c2]} 37. Ra1 Nf3 $1 {[%mdl 512]} 38. Qxf3 (38. Rxa2 $2 Rb3#) 38... Qxa1) 37. g4 $2 {[%mdl 8192]} (37. Rf2 $11) 37... Ka5 $2 ({Black should try} 37... Nd4 $1 $19 38. Kd2 Nxc2 39. Kxc2 (39. Qxc2 $2 Rb3 $19) 39... a3) 38. Rf2 $1 Ka6 39. Rc2 $2 {[%mdl 8192] [#]} (39. g5 $1 $11 fxg5 40. Rf7) 39... Ka5 $2 (39... Nd4 $1 $19 40. Kd2 Nxc2 41. Qxc2 Rb3) 40. Rf2 $1 Nd4 41. Kd2 {aiming for Ke3.} a3 42. Ke3 (42. Kc1 $2 Kb6 43. Qe1 Kc7 $19) 42... axb2 43. g5 fxg5 44. Rf8 Kb6 45. Qf1 {[%cal Of1f7] Hoping for Qf7! Really sharp!} Nc2+ 46. Ke2 $1 {[%cal Of1f7] Qf7! is the strong threat.} Nd4+ 47. Ke3 {[%cal Of1f7]} Nc2+ 48. Ke2 $1 {[%cal Of1f7,Be3e2,Be2d2,Bd2e1][%mdl 32] Black must now prevent Qf7!} Qa7 {And now ...Na3 would win.} 49. Rf7 Qb8 {Strongly threatening ...Na3.} 50. Rf8 Qc7 {[#]} (50... Qb7 $11 {and Black stays safe.} 51. h6 Nd4+ 52. Ke1 gxh6) 51. Ra8 $1 $18 {[%mdl 1024] White has strong compensation.} Qd7 $2 (51... Nd4+ 52. Kd2 Qe7 53. Qf8 (53. Rb8+ Ka7 $18) 53... Qxf8 54. Rxf8 $18) (51... Qe7 52. Kd2 (52. Rb8+ Ka7 $11) 52... Kb7) 52. Qf8 Nd4+ 53. Kd2 Nb3+ (53... Ne6 $142 54. Qb8+ Qb7 55. Qxb7+ Kxb7) 54. Ke1 Na5 55. Qd8+ {[%mdl 64] Skewer} ({And not} 55. Qb8+ Nb7 $11) 55... Qxd8 56. Rxd8 {[%mdl 4096] Endgame KRR-KRN} Ka7 57. Rd7+ Rb7 58. Rxb7+ Nxb7 59. Rxb2 {Threatening mate with Rg2.} Kb8 60. Rg2 {White mates.} Nd8 61. Rxg5 Ne6 {[#]} 62. Rxg7 $3 {[%mdl 512] What a fight!  Weighted Error Value: White=0.36/Black=0.52} 1-0

[Event "V Copa Marcel Duchamp 2022"]
[Site "Montevideo"]
[Date "2022.02.16"]
[Round "6.3"]
[White "Perez Ponsa, Federico"]
[Black "Perdomo, Leandro"]
[Result "1-0"]
[WhiteElo "2553"]
[BlackElo "2447"]
[Annotator "TA"]
[PlyCount "95"]
[EventDate "2022.02.12"]
[EventCountry "URU"]
[SourceTitle "playchess.com"]
[Source "ChessBase"]
[SourceQuality "1"]

{[%evp 11,95,32,32,39,39,26,43,42,71,73,75,56,56,62,131,146,140,137,212,214,269,255,391,411,439,441,414,387,367,370,369,376,361,298,265,251,370,350,373,362,362,343,352,360,352,353,351,367,413,414,402,400,471,463,467,465,480,477,527,534,532,530,516,510,490,398,585,583,691,691,691,671,767,728,926,907,29982,29983,29983,29984,29984,29985,29987,29988,29988,29987]} 1. d4 {ChessBase II} Nf6 2. c4 g6 3. Nc3 Bg7 4. e4 d6 5. h3 O-O 6. Be3 Na6 7. g4 {E71: King's Indian: 4 e4 d6 5 h3.} e5 8. d5 Nc5 9. f3 {White is slightly better.} h5 10. Qd2 Nh7 {[#]} 11. b4 $5 $146 {[%mdl 8] An interesting novelty.} ({Predecessor:} 11. O-O-O h4 12. Bd3 Nxd3+ 13. Qxd3 f5 14. Rh2 Kh8 15. Rg2 Bd7 16. exf5 gxf5 17. g5 {½-½ (69) Caruana,F (2811)-Jones,G (2640) Wijk aan Zee 2018 CBM 183 [ChessBase II]}) 11... Na6 12. a3 c5 ({Black should try} 12... h4 $14) 13. dxc6 $1 $16 bxc6 14. O-O-O {White is more active.} Bb7 (14... h4 $16 15. Qxd6 Qxd6 16. Rxd6 Nb8) 15. gxh5 $18 (15. Qxd6 $6 Qh4 16. Qd2 hxg4 $16) 15... gxh5 16. Nge2 {Ng3 is the strong threat.} (16. Qxd6 Qh4 $16) 16... f5 (16... h4 {was called for.} 17. Bh6 (17. Qxd6 Nc7 $18) 17... Kh8 18. Bxg7+ (18. Qxd6 Bxh6+ 19. Qxh6 Qg5+ 20. Qxg5 Nxg5 $18) 18... Kxg7 19. Rg1+ Kh8) 17. Bh6 f4 18. Rg1 Rf7 {[%cal Bf8f7,Bf7g7,Bg7g6][%mdl 32]} 19. Qxd6 {Dancing on a razor blade.} Qxd6 20. Rxd6 Nf8 {To avoid Rdg6} 21. Rg5 Re8 22. Bxg7 ({Much less strong is} 22. Rxh5 Bxh6 23. Rhxh6 Ree7 $18) 22... Rxg7 23. Rxh5 Nc7 (23... Rg6 $142) 24. h4 Rg6 25. c5 {[%cal Bc4c5,Bc5d6][%mdl 32]} Bc8 26. Kc2 Kg7 27. Nc1 ({Weaker is} 27. Rg5 Rxg5 28. hxg5 Re6 $18) 27... Rxd6 28. cxd6 Nce6 29. Nb3 (29. Rxe5 Nd4+ 30. Kd3 Rxe5 31. Kxd4 Rh5 $16) 29... Ng6 30. Bh3 Rd8 31. Bf5 Rxd6 32. Bxg6 Kxg6 33. Rxe5 Rd8 34. Ne2 Rh8 35. Nc5 Kf6 36. Rf5+ Ke7 37. Nxe6 Bxe6 38. Rxf4 {[%mdl 4096] Endgame KRB-KRN} Rg8 (38... c5 {might work better.} 39. Kd3 Rd8+ 40. Ke3 Bc4) 39. Nd4 Rg2+ 40. Kc3 Bd7 41. Nf5+ Kd8 42. h5 {[%cal Bh4h5,Bh5h6][%mdl 32]} Rh2 43. Rh4 Rf2 44. h6 {White mates.} Rxf3+ 45. Kd4 Bxf5 46. exf5 c5+ 47. bxc5 Rxa3 48. Kd5 {Black did not feel at home in the position after the opening.  Weighted Error Value: White=0.07 (flawless) /Black=0.32} 1-0

[Event "V Copa Marcel Duchamp 2022"]
[Site "Montevideo"]
[Date "2022.02.16"]
[Round "6.4"]
[White "Morovic Fernandez, Ivan"]
[Black "Lopez Azambuja, Nicolas"]
[Result "0-1"]
[WhiteElo "2498"]
[BlackElo "2318"]
[Annotator "TA"]
[PlyCount "66"]
[EventDate "2022.02.12"]
[EventCountry "URU"]
[SourceTitle "playchess.com"]
[Source "ChessBase"]
[SourceQuality "1"]

{[%evp 19,66,0,0,0,0,0,0,0,0,-27,-18,-32,-18,-45,-36,-48,-18,-19,-20,-22,-20,-22,-8,-23,-14,-14,-15,-22,-12,-42,-35,-47,-22,-67,-66,-108,-107,-156,-154,-245,-244,-244,-254,-1364,-1359,-1232,-1192,-29990,-29991]} 1. e4 e6 2. d4 d5 3. e5 c5 4. c3 Nc6 5. Nf3 Bd7 6. Be2 Nge7 7. Na3 cxd4 8. cxd4 Nf5 9. Nc2 Qb6 10. O-O Rc8 11. Kh1 {C02: French: Advance Variation.} Na5 12. b3 Bb5 13. Bxb5+ {The position is equal.} Qxb5 14. Ne3 Nxe3 15. Bxe3 Be7 {[#]} 16. Rb1 $146 ({Predecessor:} 16. Ng5 O-O 17. Nh3 Qc6 18. Qg4 Qc2 19. Rac1 Qe4 20. Qe2 Ba3 21. Rxc8 Rxc8 22. Qb5 {0-1 (57) Lagno,K (2507)-Michiels,B (2442) Antwerp 2008}) 16... Rc7 17. Rc1 Rxc1 (17... Nc6 {seems wilder.} 18. Kg1 O-O 19. Ne1 Rfc8 20. Nd3 Ba3) 18. Qxc1 O-O {[%cal Oe7a3]} 19. Kg1 Nc6 20. Qb1 a5 21. Rc1 h6 22. a4 Qa6 23. Ne1 Ba3 24. Rd1 Rc8 {[%cal Bf8c8,Bc8c3,Bc3f3][%mdl 32]} 25. Qa2 Bf8 26. Qc2 (26. h3 $11 {was preferrable.}) 26... Ne7 {[%cal Bc6e7,Be7f5,Bf5d4,Bd4f3][%mdl 32]} 27. Qb1 (27. Qd3 $15 {is more appropriate.}) 27... Nf5 $17 28. Nf3 (28. h3 $142) 28... Rc3 {Black is more active.} 29. Bd2 {[#]} (29. Qb2 $17 Nxe3 30. Qxc3 Nxd1 31. Qd2) 29... Rxf3 $1 $19 {[%mdl 512]} 30. gxf3 Nxd4 31. Be1 $2 (31. Be3 Nxf3+ 32. Kh1) 31... Nxf3+ 32. Kg2 Qe2 {Strongly threatening ...Bc5.} 33. Bxa5 Bc5 {Weighted Error Value: White=0.74/Black=0.05 (flawless)} 0-1

[Event "V Copa Marcel Duchamp 2022"]
[Site "Montevideo"]
[Date "2022.02.16"]
[Round "6.5"]
[White "Menna Barreto, Felipe Kubiaki"]
[Black "Santiago, Yago De Moura"]
[Result "1/2-1/2"]
[WhiteElo "2351"]
[BlackElo "2494"]
[Annotator "TA"]
[PlyCount "69"]
[EventDate "2022.02.12"]
[EventCountry "URU"]
[SourceTitle "playchess.com"]
[Source "ChessBase"]
[SourceQuality "1"]

{[%evp 12,69,23,24,28,29,60,54,66,53,73,33,40,20,76,81,73,31,26,12,2,0,10,16,2,0,10,0,0,0,0,0,0,0,34,34,43,45,70,18,138,138,166,160,226,218,528,200,202,85,74,72,72,82,118,108,124,101,104,62]} 1. c4 Nf6 2. Nc3 g6 3. e4 e5 4. g3 Bg7 5. Bg2 Nc6 6. Nge2 d6 7. d3 a6 {A26: English Opening vs King's Indian with ...Nc6 and d3.} 8. O-O {[#]} b5 $146 ({Predecessor:} 8... O-O 9. Nd5 Nd7 10. Be3 Nd4 11. Nxd4 exd4 12. Bd2 c6 13. Nf4 Rb8 14. Qc2 Ne5 15. b4 Bd7 16. c5 Qe7 {1-0 (40) Grant,J (2217)-Maduekwe,C (2151) London 2012}) 9. Nd5 Ne7 {White is slightly better.} 10. d4 {[%cal Oc1h6] White is more active.} bxc4 11. Nxf6+ (11. Bh6 $5 Bxh6 12. Nxf6+ Kf8 13. dxe5 $11) 11... Bxf6 12. dxe5 dxe5 (12... Bxe5 $11 13. Qa4+ Bd7 14. Qxc4 O-O) 13. Qa4+ $16 Bd7 14. Qa3 (14. Qxc4 $16 Bb5 15. Qc2) 14... O-O $14 15. Bh6 {[%mdl 1024] White has compensation.} Re8 16. Rfd1 {[%cal Og2h3]} Qc8 17. Rac1 Be6 18. Nc3 Rb8 19. h4 Nc6 20. Nd5 Bxd5 21. exd5 Nd4 {[#] ...Be7 is the strong threat.} 22. Rxc4 Qg4 (22... Qf5 $5 {[%cal Rf5h5]} 23. Be3 (23. Rxc7 Nb5 $17) 23... Be7 $11) 23. Qa4 Red8 24. Rd2 a5 25. b3 ({White should play} 25. Be3 $14) 25... Qh5 (25... Rb4 $1 $11 {remains equal.} 26. Rxb4 (26. Qxa5 Rxc4 27. bxc4 Nf5 $15) 26... axb4) 26. Be3 $16 {This bishop pair is nice.} Qf5 27. Rxc7 (27. Bxd4 $6 exd4 28. Rxc7 (28. Qxa5 Qb1+ 29. Bf1 Qe1 $14) 28... Qb1+ 29. Bf1 (29. Kh2 Be5 $14) 29... Be5 $16) 27... Qb1+ (27... Rbc8 $16 28. Rc4 (28. Qxa5 $2 Rxc7 29. Qxc7 Rc8 $19) 28... Ra8) 28. Kh2 $18 Nf5 $2 {[#]} (28... Qf5 29. Qxa5 (29. Bxd4 exd4 30. Qc4 Rb4 $16) 29... Bg7) 29. Qc6 $2 (29. Be4 Qa1 30. Bxf5 gxf5 31. Qc6) 29... Rd6 30. Qc1 (30. Qc3 $18 {and White stays clearly on top.}) 30... Qxc1 $16 {White is better.} 31. Rxc1 {Black must now prevent Ba7.} Nxe3 32. fxe3 Rbb6 33. Rdc2 Bd8 34. e4 Kf8 35. Bh3 {Weighted Error Value: White=0.25 (precise) /Black=0.29 (precise)} (35. Rc8 $16) 1/2-1/2

[Event "V Copa Marcel Duchamp 2022"]
[Site "Montevideo"]
[Date "2022.02.16"]
[Round "6.6"]
[White "Diaz Hollemaert, Nahuel"]
[Black "Coppola, Claudio"]
[Result "1/2-1/2"]
[WhiteElo "2439"]
[BlackElo "2285"]
[Annotator "TA"]
[PlyCount "131"]
[EventDate "2022.02.12"]
[EventCountry "URU"]
[SourceTitle "playchess.com"]
[Source "ChessBase"]
[SourceQuality "1"]

{[%evp 9,131,56,52,22,24,34,23,32,21,25,48,40,74,69,122,105,102,80,120,91,136,130,116,102,93,100,103,98,168,145,420,393,526,536,522,528,510,531,519,516,514,505,479,392,383,286,255,256,341,332,491,473,494,493,449,177,220,191,212,189,164,77,88,40,40,17,17,18,18,8,8,8,8,8,8,8,8,8,8,0,0,0,8,8,8,8,8,8,8,8,8,8,8,8,8,8,8,8,8,8,8,8,8,8,8,8,70,8,8,8,70,78,78,0,0,0,0,0,0,0,0,0,8,0]} 1. c4 b6 2. Nc3 Bb7 3. d4 e6 4. a3 g6 5. e4 Bg7 6. Be3 {A40: Unusual replies to 1 d4.} Ne7 {[#]} 7. f4 $146 ({Predecessor:} 7. Bd3 d6 8. Nge2 O-O 9. O-O c5 10. d5 exd5 11. exd5 Nd7 12. f4 Nf6 13. f5 Nxf5 14. Bxf5 gxf5 {½-½ (43) Jeremic,V (2506)-Maksimovic,B (2410) Kragujevac 2010}) 7... d5 8. cxd5 {White has an edge.} exd5 9. e5 Nbc6 10. Nf3 Qd7 11. Bd3 O-O-O (11... f6 $14) 12. O-O Kb8 13. b4 {White is more active.} Nf5 14. Bf2 h5 (14... f6 $142) 15. Qc2 f6 16. Bxf5 (16. Rac1 {feels hotter.} Nce7 17. b5 h4 18. h3 Rc8 19. Rfe1) 16... Qxf5 17. Qxf5 gxf5 18. Bh4 Rhf8 (18... Rdf8 $16) 19. Rfe1 $18 Rde8 $2 {[%mdl 8192]} (19... Bh8 $16 20. Ne2 (20. b5 Na5 $16) 20... Ba6) 20. exf6 Rxe1+ 21. Rxe1 Bxf6 22. Bxf6 Rxf6 23. Re8+ Bc8 24. b5 Na5 25. Nxd5 Re6 26. Rh8 {[#] Ng5 is the strong threat.} c6 27. Nb4 (27. bxc6 Nxc6 28. Nc3 (28. Rxh5 Rd6 $16) 28... Ne7 $18) 27... cxb5 28. d5 ({Don't do} 28. Rxh5 $6 Rd6 29. Ne5 Bb7 $16) 28... Rd6 29. Nd4 (29. Rxh5 Nc4 $16) 29... Nc4 (29... Rd7 $142 30. Nxb5 (30. Rxh5 Nc4 $18) 30... h4) 30. Nxb5 {Pair of Knights!} Rd7 31. Nc6+ Kb7 32. Ncxa7 $2 (32. Nbxa7 Nd6 33. Rxh5) 32... Rxd5 33. Rxc8 Rxb5 34. Nxb5 ({Don't play} 34. Rxc4 $6 Kxa7 35. Rc7+ Ka6 $16) 34... Kxc8 {[%mdl 4096] Endgame KN-KN} 35. Kf1 (35. Kf2 $18 {is more deadly.}) 35... Kd7 $16 36. Ke2 (36. Nd4 $16) 36... Kc6 $1 $14 37. Nd4+ (37. a4 $5 {[%cal Rb5d4]}) 37... Kd5 38. Nxf5 {[#] Hoping for Ne3+.} Ke4 {Prevents Ne3.} 39. Ng3+ Kxf4 40. Nxh5+ Kg5 41. Kd3 Nxa3 42. Ng7 Nb5 43. Ne6+ Kg4 44. Kc4 Nd6+ 45. Kd3 Nf5 46. Nd4 Nd6 47. Nc2 Kf4 48. Ne3 {Strongly threatening Nd5+.} b5 49. Kd4 Nb7 50. Nd5+ Kg4 51. Nf6+ Kf5 52. Ne8 Kg4 53. Kd5 Kf4 54. Nc7 b4 55. Kc4 Nd6+ 56. Kxb4 Nf5 57. Nd5+ Ke4 58. Nf6+ (58. Kc5 $14) 58... Ke3 $11 59. Kc5 Kf2 (59... Nh4 $1 $11) 60. g4 $14 Nh4 61. g5 (61. Kd5 $16) 61... Kf3 $11 {The position is equal.} 62. Kd5 Kf4 63. Ne4 Kf5 64. Kd4 Nf3+ 65. Ke3 Nxg5 66. Nxg5 {Black escapes into a draw.  Weighted Error Value: White=0.16 (very precise) /Black=0.17 (very precise)} 1/2-1/2

[Event "V Copa Marcel Duchamp 2022"]
[Site "Montevideo"]
[Date "2022.02.16"]
[Round "6.7"]
[White "Vazquez, Facundo"]
[Black "Valerga, Diego"]
[Result "1/2-1/2"]
[WhiteElo "2319"]
[BlackElo "2431"]
[Annotator "TA"]
[PlyCount "55"]
[EventDate "2022.02.12"]
[EventCountry "URU"]
[SourceTitle "playchess.com"]
[Source "ChessBase"]
[SourceQuality "1"]

{[%evp 9,55,11,13,24,16,9,12,18,0,-1,-7,-6,0,0,15,20,54,54,61,57,68,60,95,87,112,112,112,105,200,186,316,163,162,134,298,30,26,0,0,0,0,11,22,12,11,10,5,10]} 1. d4 Nf6 2. c4 g6 3. Nc3 d5 4. Nf3 Bg7 5. h4 c6 6. cxd5 {D90: Grünfeld: 4 Nf3 Bg7 sidelines.} cxd5 7. Bf4 Nc6 8. e3 O-O 9. Be2 Bg4 10. Ne5 Bxe2 11. Qxe2 Nd7 {[#]} 12. Nd3 $146 ({Predecessor:} 12. Nxd7 Qxd7 13. h5 e5 14. dxe5 d4 15. Rd1 Rad8 16. hxg6 hxg6 17. Bg5 Rde8 18. exd4 Nxd4 {0-1 (36) Santos Latasa,J (2536)-Salem,A (2638) Chess.com INT 2017}) 12... e5 13. Nxe5 Ndxe5 14. dxe5 Nxe5 15. Rd1 Nc6 16. Nxd5 {Hoping for Nc7. White is more active.} Qa5+ 17. Rd2 $1 Qxa2 18. O-O Qb3 (18... Rad8 $16 19. b4 Qb3) 19. h5 $18 h6 (19... Rad8 $142) 20. Rfd1 (20. Ra1 $142 {Ra3 is the strong threat.} a6 21. hxg6 fxg6 22. Qg4) 20... g5 21. Bg3 f5 $2 {[#]} (21... Kh8 $16) 22. Bd6 $2 (22. Ra1 $1 $18 {[%cal Ra1a3] Black must now prevent Ra3.} f4 {[#]} 23. Ra3 $1 (23. exf4 Rae8 $16) 23... Qxa3 24. bxa3 fxg3 25. f4) 22... Rf7 $1 $11 23. Ba3 Re8 {The position is equal.} 24. Qd3 Qxd3 25. Rxd3 Kh8 26. Nc3 Ne5 27. Rd8 Rxd8 28. Rxd8+ {Weighted Error Value: White=0.34/Black=0.21 (precise)} 1/2-1/2

[Event "V Copa Marcel Duchamp 2022"]
[Site "Montevideo"]
[Date "2022.02.16"]
[Round "6.8"]
[White "Vitoux, Colomban"]
[Black "Carbone, Diego"]
[Result "1/2-1/2"]
[WhiteElo "2372"]
[BlackElo "2272"]
[Annotator "ChessBase"]
[PlyCount "73"]
[EventDate "2022.02.12"]
[EventCountry "URU"]
[SourceTitle "playchess.com"]
[Source "ChessBase"]
[SourceQuality "1"]
[TimeControl "5400+30"]

1. c4 {[%emt 0:05:06]} Nf6 {[%emt 0:00:15]} 2. Nc3 {[%emt 0:00:33]} c5 {[%emt 0:12:16]} 3. g3 {[%emt 0:00:56]} g6 {[%emt 0:00:29]} 4. Bg2 {[%emt 0:00:18]} Bg7 {[%emt 0:00:05]} 5. e4 {[%emt 0:00:59]} Nc6 {[%emt 0:01:21]} 6. Nge2 {[%emt 0:00:07]} d6 {[%emt 0:00:09]} 7. O-O {[%emt 0:00:33]} O-O {[%emt 0:00:05]} 8. d4 {[%emt 0:01:41]} cxd4 {[%emt 0:02:07]} 9. Nxd4 {[%emt 0:00:43]} Nxe4 {[%emt 0:07:39]} 10. Nxc6 {[%emt 0:00:36]} Nxc3 {[%emt 0:00:18]} 11. Nxd8 {[%emt 0:15:05]} Nxd1 {[%emt 0:00:48]} 12. Nxf7 {[%emt 0:40:18]} Nxf2 {[%emt 0:29:55]} 13. Ng5 {[%emt 0:00:42]} Bd4 {[%emt 0:10:16]} 14. Bd5+ {[%emt 0:04:06]} Kg7 {[%emt 0:06:59]} 15. Nf3 {[%emt 0:03:08]} Nh3+ {[%emt 0:00:36]} 16. Kg2 {[%emt 0:00:21]} Bf6 {[%emt 0:00:41]} 17. Be3 {[%emt 0:01:04]} h6 {[%emt 0:02:51]} 18. Nd4 {[%emt 0:02:09]} a6 {[%emt 0:09:06]} 19. Rae1 {[%emt 0:03:33]} Ng5 {[%emt 0:01:16]} 20. Bxg5 {[%emt 0:00:14]} Bxg5 {[%emt 0:02:53]} 21. Rxf8 {[%emt 0:01:35]} Kxf8 {[%emt 0:00:01]} 22. Ne6+ {[%emt 0:00:24]} Bxe6 {[%emt 0:00:09]} 23. Rxe6 {[%emt 0:01:52]} Bf6 {[%emt 0:01:05]} 24. b3 {[%emt 0:04:06]} Rb8 {[%emt 0:00:21]} 25. Kf3 {[%emt 0:01:15]} b5 {[%emt 0:02:21]} 26. c5 {[%emt 0:00:15]} dxc5 {[%emt 0:01:08]} 27. Rxa6 {[%emt 0:00:03]} Rd8 {[%emt 0:08:11]} 28. Ke4 {[%emt 0:03:27]} Kg7 {[%emt 0:00:32]} 29. Rc6 {[%emt 0:01:50]} b4 {[%emt 0:00:33]} 30. Rxc5 {[%emt 0:00:19]} Rb8 {[%emt 0:00:23]} 31. Rc6 {[%emt 0:01:44]} Rb5 {[%emt 0:00:33]} 32. Rc4 {[%emt 0:01:27]} h5 {[%emt 0:00:33]} 33. Bc6 {[%emt 0:01:13]} Ra5 {[%emt 0:00:30]} 34. Ba4 {[%emt 0:00:48]} Re5+ {[%emt 0:00:27]} 35. Kf3 {[%emt 0:00:43]} Rf5+ {[%emt 0:00:16]} 36. Ke2 {[%emt 0:01:26]} Re5+ {[%emt 0:00:19]} 37. Kf3 {[%emt 0:00:29]} 1/2-1/2